Wszystkie Gminy w Lubuskim - Statystyki

Ogólne statystyki
  • Ten quiz został rozwiązany 77 razy
  • Średni wynik to 40 z 80
Statystyki odpowiedzi
Powiat Typ Gminy Gmina % Poprawnych
miasta na prawach powiatu Zielona Góra
91%
żagański miejska Żagań
87%
wiejska Żagań
87%
miejska Żary
87%
Gorzów Wielkopolski
85%
świebodziński miejsko-wiejska Świebodzin
83%
nowosolski miejska Nowa Sól
80%
krośnieński miejska Gubin
76%
wiejska Gubin
76%
słubicki miejsko-wiejska Słubice
76%
miejsko-wiejska Sulechów
76%
miejsko-wiejska Krosno Odrzańskie
74%
międzyrzecki miejsko-wiejska Międzyrzecz
74%
sulęciński miejsko-wiejska Sulęcin
74%
miejsko-wiejska Strzelce Krajeńskie
72%
wschowski miejsko-wiejska Wschowa
72%
miejsko-wiejska Drezdenko
70%
miejsko-wiejska Torzym
67%
gorzowski miejska Kostrzyn nad Odrą
65%
miejsko-wiejska Sława
65%
miejsko-wiejska Cybinka
63%
miejsko-wiejska Nowogród Bobrzański
63%
miejsko-wiejska Kargowa
61%
miejsko-wiejska Szlichtyngowa
61%
zielonogórski miejsko-wiejska Babimost
59%
miejsko-wiejska Czerwieńsk
59%
miejsko-wiejska Jasień
59%
miejsko-wiejska Lubniewice
59%
miejsko-wiejska Lubsko
59%
miejsko-wiejska Szprotawa
59%
miejsko-wiejska Iłowa
57%
miejsko-wiejska Otyń
57%
żarski miejska Łęknica
54%
miejsko-wiejska Bytom Odrzański
52%
strzelecko-drezdenecki miejsko-wiejska Dobiegniew
52%
miejsko-wiejska Kożuchów
52%
wiejska Łagów
52%
miejsko-wiejska Ośno Lubuskie
52%
miejsko-wiejska Rzepin
52%
miejsko-wiejska Skwierzyna
52%
miejsko-wiejska Witnica
52%
miejsko-wiejska Zbąszynek
52%
miejsko-wiejska Nowe Miasteczko
50%
miejska Gozdnica
48%
wiejska Deszczno
46%
miejsko-wiejska Małomice
46%
wiejska Świdnica
43%
miejsko-wiejska Trzciel
43%
wiejska Przewóz
39%
wiejska Bledzew
37%
wiejska Brody
37%
wiejska Górzyca
35%
wiejska Kłodawa
35%
wiejska Pszczew
35%
wiejska Trzebiel
35%
wiejska Lipinki Łużyckie
33%
wiejska Lubrza
33%
wiejska Santok
33%
wiejska Słońsk
33%
wiejska Szczaniec
33%
wiejska Zabór
33%
wiejska Bogdaniec
30%
wiejska Bojadłą
30%
wiejska Dąbie
30%
wiejska Krzeszyce
30%
wiejska Trzebiechów
30%
wiejska Tuplice
30%
wiejska Wymiarki
30%
wiejska Bytnica
28%
wiejska Przytoczna
28%
wiejska Skąpe
28%
wiejska Brzeźnica
26%
wiejska Lubiszyn
26%
wiejska Maszewo
26%
wiejska Stare Kurowo
26%
wiejska Zwierzyn
26%
wiejska Bobrowice
24%
wiejska Kolsko
24%
wiejska Niegosławice
24%
wiejska Siedlisko
24%
Nie znaleziono quizów pasujących do podanych kryteriów
Rozkład punktacji
Procent ludzi z każdym wynikiem
Percentyl według liczby udzielonych odpowiedzi
Twoja historia wyników
Nie rozwiązałeś tego quizu